[Event "Mistrzostwa Polski Juniorow do lat 18 - Dziewczeta"]
[Site "Szklarska Poreba"]
[Date "1899-12-30"]
[Round "6.3"]
[White "Skiba, Aleksandra"]
[Black "Kucharska, Honorata"]
[Result "1/2-1/2"]
[WhiteTitle "k"]
[BlackTitle "WFM"]
[WhiteElo "1923"]
[BlackElo "2143"]

1. d4 Nf6 2. c4 c5 3. d5 g6 4. Nc3 Bg7 5. e4 d6 6. Nf3 O-O 7. h3 e5 8. Bd3 a6 9.
O-O Nbd7 10. a3 Nh5 11. b4 Nf4 12. Be3 h6 13. Rc1 b6 14. Bb1 Re8 15. Qd2 Qf6 16.
Qd1 g5 17. Nh2 Nf8 18. Ne2 N8g6 19. Ng4 Bxg4 20. hxg4 Nh4 21. g3 Nf3+ 22. Kh1
Ng6 23. Ng1 Nd4 24. Kg2 Rec8 25. Bd3 Qe7 26. Rb1 Qd7 27. f3 Rab8 28. Rf2 Bf6 29.
Rfb2 Bd8 30. Nh3 f6 31. Nf2 Bc7 32. a4 Kg7 33. b5 Ra8 34. Qd2 axb5 35. axb5 Ra5
36. Ra2 Rca8 37. Rxa5 Rxa5 38. Qb2 Bd8 39. Ra1 Qa7 40. Rxa5 Qxa5 41. Nd1 Bc7 1/2-1/2

[Event "Mistrzostwa Polski Juniorow do lat 18 - Dziewczeta"]
[Site "Szklarska Poreba"]
[Date "1899-12-30"]
[Round "6.4"]
[White "Rudzinska, Michalina"]
[Black "Karlyk, Maria"]
[Result "1/2-1/2"]
[WhiteTitle "WFM"]
[BlackTitle "I"]
[WhiteElo "2083"]
[BlackElo "1603"]

1. e4 d5 2. exd5 Nf6 3. d4 Qxd5 4. Nc3 Qa5 5. Bc4 Nc6 6. d5 Ne5 7. Bb5+ c6 8. dxc6
bxc6 9. Qd4 a6 10. Be2 Bf5 11. Nf3 Ng6 12. Qc4 c5 13. Ng5 e6 14. Bf3 Ne5 15. Qe2
Nxf3+ 16. Qxf3 Ra7 17. Qc6+ Rd7 18. Bf4 Bxc2 19. Be5 Be7 20. Rc1 Bd3 21. Bxf6
Bb5 22. Qa8+ Rd8 23. Qa7 Rd7 24. Qa8+ Rd8 25. Qa7 Rd7 26. Qa8+ 1/2-1/2

[Event "Mistrzostwa Polski Juniorow do lat 18 - Dziewczeta"]
[Site "Szklarska Poreba"]
[Date "1899-12-30"]
[Round "6.5"]
[White "Malicka, Maria"]
[Black "Swiech, Joanna"]
[Result "1-0"]
[WhiteTitle "WCM"]
[BlackTitle "k+"]
[WhiteElo "2237"]
[BlackElo "1838"]

1. e4 e5 2. Nf3 Nc6 3. Bb5 a6 4. Ba4 Nge7 5. c3 g6 6. d4 exd4 7. cxd4 Bg7 8. d5
Na5 9. O-O b5 10. Bc2 Nc4 11. Nc3 d6 12. Bd3 Nb6 13. Be3 O-O 14. Qd2 Re8 15. Rac1
Bb7 16. Rfd1 Nd7 17. Bc2 Ne5 18. Nxe5 dxe5 19. a4 b4 20. Nb1 a5 21. Qe2 Ba6 22.
Bd3 Bxd3 23. Qxd3 Nc8 24. Nd2 Qd7 25. Qc2 Re7 26. Qc6 Qxc6 27. Rxc6 Nd6 28. Rdc1
Ne8 29. Nb3 f5 30. f3 fxe4 31. fxe4 Nd6 32. Nc5 Rf7 33. b3 Bf8 34. Rf1 Ne8 35.
Nb7 Bd6 36. Rxf7 Kxf7 37. Nxd6+ cxd6 38. Bg5 Kf8 39. Kf2 Ra7 40. Ke3 Kg7 41. Kd3
h6 42. Bd8 Ra8 43. Bc7 h5 44. Bxd6 Nxd6 45. Rxd6 Ra7 46. Rc6 1-0

[Event "Mistrzostwa Polski Juniorow do lat 18 - Dziewczeta"]
[Site "Szklarska Poreba"]
[Date "1899-12-30"]
[Round "6.6"]
[White "Raczykowska, Paulina"]
[Black "Kalinowska, Zuzanna"]
[Result "1/2-1/2"]
[WhiteTitle "k"]
[BlackTitle "WFM"]
[WhiteElo "1899"]
[BlackElo "2089"]

1. e4 e6 2. Nf3 d5 3. Nc3 Nf6 4. e5 Nfd7 5. d4 c5 6. dxc5 Nc6 7. Bf4 Bxc5 8. Bd3
Bb4 9. O-O Bxc3 10. bxc3 Qa5 11. Qd2 b6 12. Rfb1 Ba6 13. a4 Rc8 14. Qe1 Bxd3 15.
cxd3 Ne7 16. Ra3 Qc5 17. Rab3 Ng6 18. Bg3 Qa5 19. Ra3 Nc5 20. Qd1 Qa6 21. Rb5
O-O 22. h4 Ne7 23. Nd4 Nc6 24. h5 h6 25. Bf4 Nxd4 26. cxd4 Nd7 27. Qg4 Kh7 28.
Rb2 Rc6 29. Re2 Qc8 30. Re3 Qe8 31. Rg3 Rg8 32. Ra1 f5 33. Qf3 Qe7 34. Be3 Rc3
35. Bd2 Rc2 36. Qf4 Nf8 37. Kh2 Rb2 38. Bc1 Rb3 39. Bd2 Ra3 40. Rxa3 Qxa3 41.
a5 bxa5 42. Qh4 a4 43. Qd8 Qb2 44. Qa5 Qxd4 45. Bb4 Nd7 46. Bc3 Qh4+ 47. Kg1 Qxh5
48. Qxa4 Qe8 49. Qxa7 Qc8 50. Bd4 Qc6 51. Qa3 Re8 52. Re3 Nf8 53. Re1 Rc8 54.
Bb2 Ra8 55. Qb3 Ng6 56. Rc1 Qd7 57. Qb6 Rc8 58. Ra1 Rc7 59. Bd4 Rb7 60. Qc5 Nf4
61. Qc2 Qb5 62. Rd1 Qa6 63. Qd2 Ng6 64. Ra1 Qb5 65. Rc1 Qa4 66. Qc3 Rb3 67. Ra1
Qb5 68. Qc2 Nf4 69. Ra7 Rxd3 70. Be3 Nh5 71. g4 Rxe3 72. fxe3 Ng3 73. Kg2 Ne4
74. gxf5 Qb8 75. Re7 Qxe5 76. Rxe6 Qg3+ 77. Kf1 Qf3+ 78. Ke1 Qxe3+ 79. Qe2 Qc3+
80. Kd1 Qa1+ 81. Kc2 Qa2+ 82. Kd3 Nc5+ 83. Kd4 Nxe6+ 84. Qxe6 Qc4+ 85. Ke5 Qe4+
86. Kd6 Qb4+ 87. Kxd5 Qb3+ 88. Kd6 Qb4+ 1/2-1/2

[Event "Mistrzostwa Polski Juniorow do lat 18 - Dziewczeta"]
[Site "Szklarska Poreba"]
[Date "1899-12-30"]
[Round "6.7"]
[White "Filipska, Maja"]
[Black "Kulpa, Zuzanna"]
[Result "1-0"]
[WhiteTitle "I++"]
[BlackTitle "k"]
[WhiteElo "1800"]
[BlackElo "1955"]

1. e4 c5 2. Nf3 d6 3. d4 cxd4 4. Nxd4 Nf6 5. Nc3 a6 6. Bg5 e6 7. f4 h6 8. Bxf6
gxf6 9. Qd2 Nd7 10. Nb3 b5 11. O-O-O b4 12. Ne2 a5 13. Ng3 Bb7 14. Bb5 Qb6 15.
Bxd7+ Kxd7 16. e5 d5 17. Kb1 f5 18. Rhe1 a4 19. Nd4 b3 20. Qe2 bxa2+ 21. Ka1 Bb4
22. c3 Bc5 23. Qh5 Rhf8 24. Ngxf5 exf5 25. Qxf5+ Kc7 26. e6 Bxd4 27. cxd4 fxe6
28. Rc1+ Kd7 29. Qh7+ Kd8 30. Qxh6 Re8 31. f5 a3 32. Qf6+ Kd7 33. bxa3 Ra6 34.
fxe6+ Rxe6 35. Qf7+ Kd8 36. Rxe6 Qxd4+ 37. Kxa2 Qd2+ 38. Kb1 Qd3+ 39. Rc2 Qb3+
40. Kc1 Qxa3+ 41. Kd2 Qb4+ 42. Ke2 Qg4+ 43. Kf2 Rxe6 44. Qc7+ Ke8 45. Qb8+ Kf7
46. Qxb7+ Kg6 47. Qxd5 Qh4+ 48. Kf3 Rf6+ 49. Ke2 Qxh2 50. Qg8+ Kf5 51. Rc5+ Ke4
52. Qc4# 1-0

[Event "Mistrzostwa Polski Juniorow do lat 18 - Dziewczeta"]
[Site "Szklarska Poreba"]
[Date "1899-12-30"]
[Round "6.8"]
[White "Jarocka, Liwia"]
[Black "Sivickis, Wiktoria"]
[Result "1-0"]
[WhiteTitle "FM"]
[BlackTitle "I++"]
[WhiteElo "1919"]
[BlackElo "1775"]

1. e4 c5 2. Nf3 a6 3. c4 Nc6 4. d4 cxd4 5. Nxd4 Nf6 6. Nc3 d6 7. Be2 e5 8. Nc2
Be6 9. O-O Be7 10. Bg5 O-O 11. Qd2 h6 12. Bxf6 Bxf6 13. Rfd1 Be7 14. Nd5 Bxd5
15. Qxd5 Qb6 16. Qd2 Rfd8 17. b4 Bg5 18. Qc3 Rac8 19. Bg4 Rb8 20. Rab1 Qc7 21.
g3 Bf6 22. b5 Ne7 23. b6 Qc6 24. Qd3 Nc8 25. Bxc8 Rbxc8 26. Ne3 Bg5 27. Nf5 Qxc4
28. Qxc4 Rxc4 29. h4 Bf6 30. Rxd6 Rxe4 31. Rxd8+ Bxd8 32. Nd6 Ra4 33. Nxb7 Be7
34. Rc1 Rb4 35. Rc7 Bf6 36. Rc6 e4 37. Nc5 Bd4 38. b7 Kh7 39. Rc8 Bxc5 40. b8=Q
Rxb8 41. Rxb8 a5 42. Rb5 Bb4 43. Re5 Kg6 44. Rxe4 Kf5 45. Rc4 g5 46. Kf1 f6 47.
Ke2 Ke5 48. h5 Ke6 49. Rc8 Kf7 50. g4 Bd6 51. Ra8 Bb4 52. Kd3 Ke6 53. Ke4 Kf7
1-0

[Event "Mistrzostwa Polski Juniorow do lat 18 - Dziewczeta"]
[Site "Szklarska Poreba"]
[Date "1899-12-30"]
[Round "6.9"]
[White "Roszkiewicz, Anna"]
[Black "Moscicka, Pola"]
[Result "1/2-1/2"]
[WhiteTitle "I++"]
[BlackTitle "k++"]
[WhiteElo "1624"]
[BlackElo "2050"]

1. e4 c5 2. Nf3 Nc6 3. d4 cxd4 4. Nxd4 Nf6 5. Nc3 e5 6. Ndb5 d6 7. Bg5 a6 8. Na3
b5 9. Nd5 Be7 10. Bxf6 Bxf6 11. c3 O-O 12. Nc2 Rb8 13. Be2 Bg5 14. O-O Be6 15.
Nce3 a5 16. Qc2 b4 17. Rfd1 Kh8 18. Nc4 g6 19. Nde3 Qc7 20. Nd5 Qd8 21. Nde3 Bxe3
22. Nxe3 bxc3 23. bxc3 Qc7 24. Rab1 f5 25. Bc4 Bd7 26. Bd5 Ne7 27. exf5 gxf5 28.
Bb3 Ng6 29. Qd2 a4 30. Bc2 Rxb1 31. Bxb1 f4 32. Nd5 Qd8 33. Bxg6 hxg6 34. Qc2
Kg7 35. Nb4 Qf6 36. Qd3 Qg5 1/2-1/2

[Event "Mistrzostwa Polski Juniorow do lat 18 - Dziewczeta"]
[Site "Szklarska Poreba"]
[Date "1899-12-30"]
[Round "6.10"]
[White "Vanduyfhuys, Daria"]
[Black "Furtak, Joanna"]
[Result "1-0"]
[WhiteTitle "WCM"]
[BlackTitle "k"]
[WhiteElo "2023"]
[BlackElo "1922"]

1. d4 Nf6 2. c4 g6 3. Nc3 Bg7 4. e4 d6 5. Nf3 O-O 6. Be2 e5 7. O-O Nc6 8. d5 Ne7
9. Bg5 h6 10. Bxf6 Bxf6 11. b4 Bg7 12. Nd2 f5 13. Rc1 h5 14. c5 a6 15. cxd6 cxd6
16. Nc4 Bh6 17. Rb1 b5 18. Na5 Bd7 19. exf5 Nxf5 20. Ne4 Qb6 21. Nb3 Rf7 22. Rb2
Raf8 23. Bd3 Nh4 24. Rc2 Rf4 25. h3 Qd8 26. Nbd2 Kg7 27. g3 Nf3+ 28. Nxf3 Rxf3
29. Be2 R3f7 30. Nxd6 Rxf2 31. Rxf2 Rxf2 32. Kxf2 Qb6+ 33. Kg2 Qxd6 34. a3 Bf5
35. Rc6 Qd8 36. Rxa6 Be3 37. Rc6 Bd7 38. Rc3 Bd4 39. Rc1 h4 40. g4 Bb2 41. Rb1
Bd4 42. Qd2 Qa8 43. Qa2 Qc8 44. Qb3 Be8 45. Bf3 Bf7 46. Be4 Qd8 47. Rf1 Qg5 48.
Qf3 Qe7 49. d6 Qe6 50. Kh1 Bb6 51. Bc6 Qc4 52. d7 Bd8 53. Bxb5 Qa2 54. Bc6 Be7
55. b5 Bc4 56. Rd1 Be2 57. Qg2 Bd8 58. Bd5 Qxa3 59. Qxe2 Qxh3+ 60. Qh2 Qxg4 61.
Qxe5+ Kh7 62. Rd3 Bb6 63. Qe7+ Kh6 64. Qf8+ 1-0

[Event "Mistrzostwa Polski Juniorow do lat 18 - Dziewczeta"]
[Site "Szklarska Poreba"]
[Date "1899-12-30"]
[Round "6.11"]
[White "Michalska, Aleksandra"]
[Black "Sawa, Daria"]
[Result "1-0"]
[WhiteTitle "I++"]
[BlackTitle "I"]
[WhiteElo "1825"]
[BlackElo "1558"]

1. e4 e5 2. Nf3 Nc6 3. Nc3 Nf6 4. Bb5 Nd4 5. Nxd4 exd4 6. e5 dxc3 7. exf6 Qxf6
8. dxc3 c6 9. Bd3 d5 10. O-O Bd6 11. Re1+ Be6 12. Be3 O-O 13. Qh5 h6 14. h4 Bf4
15. Bd4 Qe7 16. g3 c5 17. gxf4 cxd4 18. f5 Qf6 19. fxe6 fxe6 20. Re2 dxc3 21.
bxc3 Rac8 22. Rb1 b6 23. Qe5 Qxh4 24. Qxe6+ Kh8 25. Qg6 1-0

[Event "Mistrzostwa Polski Juniorow do lat 18 - Dziewczeta"]
[Site "Szklarska Poreba"]
[Date "1899-12-30"]
[Round "6.12"]
[White "Tarka, Aleksandra"]
[Black "Wolagiewicz, Kinga"]
[Result "1/2-1/2"]
[WhiteTitle "I++"]
[BlackTitle "I"]
[WhiteElo "1706"]
[BlackElo "1633"]

1. e4 c6 2. Nc3 d5 3. f4 dxe4 4. Nxe4 Nf6 5. Nf2 Nbd7 6. Nf3 Nd5 7. g3 N7f6 8.
Bg2 Bg4 9. h3 Bxf3 10. Bxf3 Qc7 11. d4 e6 12. c3 c5 13. Qa4+ Qd7 14. Qxd7+ Kxd7
15. dxc5 Bxc5 16. Nd3 Bd6 17. Bd2 Rac8 18. Rc1 b5 19. O-O Rhe8 20. Ne5+ Ke7 21.
Rfe1 Kf8 22. g4 Bc5+ 23. Kg2 Nb6 24. Be3 Bxe3 25. Rxe3 Nfd5 26. Bxd5 Nxd5 27.
Re4 Red8 28. Kg3 Nf6 29. Re2 Rd6 30. Rcc2 Rcd8 31. c4 bxc4 32. Rxc4 Nd5 33. Rc6
Rxc6 34. Nxc6 Rd7 35. Rc2 Ne3 36. Ne5 Nxc2 37. Nxd7+ 1/2-1/2

[Event "Mistrzostwa Polski Juniorow do lat 18 - Dziewczeta"]
[Site "Szklarska Poreba"]
[Date "1899-12-30"]
[Round "6.13"]
[White "Orlik, Sandra"]
[Black "Budkiewicz, Magdalena"]
[Result "1-0"]
[WhiteTitle "I++"]
[BlackTitle "I++"]
[WhiteElo "1678"]
[BlackElo "1702"]

1. d4 Nf6 2. c4 g6 3. Nc3 Bg7 4. e4 d6 5. h3 O-O 6. Be3 e5 7. d5 Na6 8. g4 Nc5
9. f3 a5 10. Nge2 c6 11. Ng3 Qc7 12. Qd2 Rd8 13. h4 a4 14. h5 a3 15. b3 Qa5 16.
Rc1 Bh8 17. Bh6 Rb8 18. Nf5 Qc7 19. b4 Na6 20. c5 Ne8 21. cxd6 Nxd6 22. Nb5 Nxb5
23. Bxb5 Bxf5 24. gxf5 Qd6 25. hxg6 fxg6 26. Bc4 c5 27. Bxa6 Qxa6 28. bxc5 Rbc8
29. d6 Qc6 30. fxg6 hxg6 31. Qd1 Bg7 32. Qb3+ Kf8 33. Qe6 Bxh6 34. Qf6+ 1-0

[Event "Mistrzostwa Polski Juniorow do lat 18 - Dziewczeta"]
[Site "Szklarska Poreba"]
[Date "1899-12-30"]
[Round "6.14"]
[White "Jedras, Adrianna"]
[Black "Polak, Sylwia"]
[Result "0-1"]
[WhiteTitle "I"]
[BlackTitle "I++"]
[WhiteElo "1440"]
[BlackElo "1629"]

1. c4 c6 2. e4 d5 3. exd5 Nf6 4. Nc3 cxd5 5. d4 e6 6. c5 Nc6 7. Bb5 Be7 8. Nf3
O-O 9. O-O Bd7 10. Bf4 Nh5 11. Be3 f5 12. Ne1 Qe8 13. f4 Nf6 14. Bxc6 bxc6 15.
Nd3 Ng4 16. Re1 Bh4 17. g3 Bf6 18. Ne5 Bxe5 19. fxe5 Qg6 20. Qd2 f4 21. Bxf4 Rf5
22. Re2 Raf8 23. Kh1 Qh5 24. Rg2 Bc8 25. b4 Ba6 26. a4 g5 27. Be3 Bf1 28. Rxf1
Rxf1+ 29. Rg1 Nf2+ 30. Qxf2 R8xf2 31. Bxf2 Rxf2 32. h4 Qf3+ 33. Rg2 Qxg2# 0-1

[Event "Mistrzostwa Polski Juniorow do lat 18 - Dziewczeta"]
[Site "Szklarska Poreba"]
[Date "1899-12-30"]
[Round "6.15"]
[White "Repec, Julia"]
[Black "Giefert, Sara"]
[Result "1/2-1/2"]
[WhiteTitle "I"]
[BlackTitle "I+"]
[WhiteElo "1405"]
[BlackElo "1624"]

1. c4 c5 2. Nc3 Nc6 3. g3 g6 4. Bg2 Bg7 5. d3 d6 6. e4 e6 7. Nge2 Nge7 8. O-O O-O
9. Be3 a6 10. Qd2 Re8 11. Bh6 Bh8 12. h4 Ne5 13. f3 Rb8 14. h5 b5 15. cxb5 axb5
16. hxg6 hxg6 17. Kf2 b4 18. Nd1 Ba6 19. Nc1 d5 20. Rh1 dxe4 21. dxe4 Nc4 22.
Qxd8 Rexd8 23. Rb1 Nd2 24. Ra1 c4 25. Ne2 Nc6 26. Ke1 c3 27. bxc3 Bxe2 28. Bxd2
Bxd1 29. Rxh8+ Kxh8 30. Rxd1 b3 31. axb3 Rxb3 32. Bf1 Ne5 33. Be2 Rb2 34. Be3
Rxd1+ 35. Kxd1 Kg8 36. Bd4 Nc6 37. Bc5 f6 38. Bd6 Kf7 39. g4 g5 40. Ke1 Rc2 41.
Bb4 Ne5 42. Kd1 Ra2 43. Bd6 Ng6 44. c4 Ne7 45. Ke1 Nc6 46. Bc5 Ne5 47. Bd6 Nc6
48. Bc5 Ke8 49. Kf2 Kd7 50. Ke3 Ne5 51. Bd4 Ra3+ 52. Kf2 Kd6 53. Bb2 Rb3 54. Bd4
Rb7 55. Ke3 Rb3+ 56. Kf2 Nd7 57. Be3 Nc5 58. Bd4 Nd7 59. Be3 Rb7 60. Bd4 Rc7 61.
Ke3 Ke7 62. Kd2 Nf8 63. Kc3 e5 64. Bb6 Rc6 65. c5 Nd7 66. Bb5 Rxc5+ 67. Bxc5+
Nxc5 68. Be2 Kd6 69. Kb4 Ne6 70. Bd1 Nd4 71. Kc4 Ne6 1/2-1/2

[Event "Mistrzostwa Polski Juniorow do lat 18 - Dziewczeta"]
[Site "Szklarska Poreba"]
[Date "1899-12-30"]
[Round "6.16"]
[White "Zalucka, Emilia"]
[Black "Chomicka, Kinga"]
[Result "0-1"]
[WhiteTitle "I"]
[BlackTitle "I+"]
[WhiteElo "1512"]
[BlackElo "1439"]

1. e4 e5 2. Nf3 Nc6 3. Bb5 a6 4. Ba4 Nf6 5. O-O Be7 6. Re1 b5 7. Bb3 d6 8. c3 O-O
9. h3 Nb8 10. d4 Nbd7 11. Nbd2 Bb7 12. Bc2 Re8 13. Nf1 Bf8 14. Ng3 g6 15. Nh2
Bg7 16. f4 Nb6 17. f5 d5 18. dxe5 Nxe4 19. Nxe4 dxe4 20. Qxd8 Raxd8 21. f6 Bf8
22. Bf4 Nc4 23. Bxe4 Bxe4 24. Rxe4 Nxb2 25. Ng4 h5 26. Nh6+ Bxh6 27. Bxh6 Rd3
28. Rae1 Re6 29. Rd4 c5 30. Rxd3 Nxd3 31. Rd1 c4 32. a4 Rxe5 33. axb5 axb5 34.
Ra1 Re8 35. Rb1 Rb8 36. Kf1 Kh7 37. Be3 Re8 38. Bd4 Rb8 39. Be3 Rb7 40. g4 Ne5
41. Bd4 Nf3 42. Be3 hxg4 43. Kf2 Ne5 44. Kg3 gxh3 45. Rh1 Nd7 46. Rxh3+ Kg8 47.
Bd4 Nf8 48. Bc5 Ne6 49. Bb4 Rd7 50. Kg4 Rd1 51. Rf3 Rg1+ 52. Rg3 Rxg3+ 53. Kxg3
Kh7 54. Bd6 g5 55. Kg4 Kg6 56. Be5 Nc5 57. Kf3 Kf5 58. Bd4 Ne4 59. Ke3 g4 60.
Ke2 Nxf6 61. Ke3 Nd5+ 62. Kf2 Ke4 63. Kg3 f5 64. Bg7 Kd3 65. Be5 Nxc3 0-1

[Event "Mistrzostwa Polski Juniorow do lat 18 - Dziewczeta"]
[Site "Szklarska Poreba"]
[Date "1899-12-30"]
[Round "6.17"]
[White "Drob, Julia"]
[Black "Zygmunt, Magdalena"]
[Result "1-0"]
[WhiteTitle "I"]
[BlackTitle "I"]
[WhiteElo "1387"]
[BlackElo "1256"]

1. d4 d5 2. Bf4 Bf5 3. e3 Nf6 4. c4 e6 5. Nc3 Bb4 6. Nf3 O-O 7. Ne5 Nbd7 8. f3
Nh5 9. Nxd7 Qxd7 10. Bg5 f6 11. Bh4 g5 12. Bf2 Ng7 13. g4 Bg6 14. h4 h6 15. hxg5
hxg5 16. Rh6 Kf7 17. Bd3 f5 18. Qb3 Bxc3+ 19. bxc3 b6 20. Ke2 Rh8 21. Rah1 Rxh6
22. Rxh6 Ne8 23. cxd5 exd5 24. Rxg6 fxg4 25. Rxg5 gxf3+ 26. Kxf3 Qh3+ 27. Ke2
Nf6 28. Rxd5 Kg7 29. Rg5+ Kf8 30. Bg6 Qd7 31. Qb4+ Qd6 32. Qxd6+ cxd6 33. Bh4
1-0

[Event "Mistrzostwa Polski Juniorow do lat 18 - Dziewczeta"]
[Site "Szklarska Poreba"]
[Date "1899-12-30"]
[Round "6.18"]
[White "Choinska, Debora"]
[Black "Sloniec, Natalia"]
[Result "1-0"]
[WhiteTitle "I++"]
[BlackTitle "II+"]
[WhiteElo "1668"]
[BlackElo "1124"]

1. e4 e6 2. d4 d5 3. Nd2 c5 4. exd5 exd5 5. Ngf3 Nf6 6. Bb5+ Bd7 7. Bxd7+ Nbxd7
8. O-O Be7 9. Nb3 c4 10. Nbd2 O-O 11. Re1 h6 12. Nf1 Ne4 13. Ne3 Nb6 14. Ne5 Bd6
15. f3 Nf6 16. Nf5 Bxe5 17. dxe5 Nfd7 18. Qd4 Re8 19. Qg4 g6 20. Nxh6+ Kf8 21.
Bg5 Qc7 22. e6 Rxe6 23. Rxe6 fxe6 24. Qxe6 Nc5 25. Qg8# 1-0

[Event "Mistrzostwa Polski Juniorow do lat 18 - Dziewczeta"]
[Site "Szklarska Poreba"]
[Date "1899-12-30"]
[Round "6.19"]
[White "Taranowicz, Zofia"]
[Black "Majdecka, Nikola"]
[Result "1-0"]
[WhiteTitle "I"]
[BlackTitle "I"]
[WhiteElo "1185"]
[BlackElo "1098"]

1. d4 Nf6 2. Nf3 g6 3. Bf4 Bg7 4. e3 d6 5. h3 O-O 6. Be2 b6 7. O-O Nh5 8. Bh2 f5
9. Bc4+ Kh8 10. Nc3 Ba6 11. Qd3 Bxc4 12. Qxc4 c5 13. Ng5 Qe8 14. Ne6 Rf7 15. Nc7
Qf8 16. Nxa8 f4 17. Nc7 f3 18. Ne6 Qc8 19. Ng5 Rf5 20. Nf7+ Rxf7 21. Qxf7 fxg2
22. Kxg2 Qb7+ 23. d5 Nd7 24. Qxe7 Qc8 25. Qxd6 Qe8 26. Qe6 Qd8 27. d6 Qg5+ 28.
Bg3 Nxg3 29. fxg3 Be5 30. Qe8+ Kg7 31. Qe7+ 1-0

[Event "Mistrzostwa Polski Juniorow do lat 18 - Dziewczeta"]
[Site "Szklarska Poreba"]
[Date "1899-12-30"]
[Round "7.1"]
[White "Harazinska, Magdalena"]
[Black "Waszczuk, Patrycja"]
[Result "0-1"]
[WhiteTitle "WFM"]
[BlackTitle "WFM"]
[WhiteElo "2099"]
[BlackElo "2271"]

1. d4 d5 2. Bf4 Nf6 3. e3 c6 4. c4 e6 5. Nc3 Nbd7 6. Nf3 Be7 7. h3 dxc4 8. Bxc4
Nd5 9. Bg3 Qa5 10. Qc2 Nxc3 11. bxc3 Nb6 12. Bc7 Qa3 13. Nd2 Nxc4 14. Nxc4 Qa6
15. Qd3 O-O 16. O-O c5 17. dxc5 Bxc5 18. Rfd1 b6 19. Qe4 Bb7 20. Qg4 Bd5 21. Nd6
b5 22. Ne4 Be7 23. Ng3 f5 24. Qf4 Qb7 25. f3 Rac8 26. Be5 g5 27. Qd4 Rfd8 28.
Bh8 Bc5 29. Qe5 Bd6 30. Qf6 Rf8 31. Qxg5+ Kxh8 32. Nh5 Qe7 33. Qh6 Rxc3 34. e4
fxe4 35. fxe4 Bc5+ 36. Kh2 Be3 37. Qg7+ Qxg7 38. Nxg7 Bf4+ 39. Kg1 Bc4 0-1

[Event "Mistrzostwa Polski Juniorow do lat 18 - Dziewczeta"]
[Site "Szklarska Poreba"]
[Date "1899-12-30"]
[Round "7.2"]
[White "Sowa, Wiktoria"]
[Black "Rudzinska, Michalina"]
[Result "1/2-1/2"]
[WhiteTitle "WFM"]
[BlackTitle "WFM"]
[WhiteElo "2053"]
[BlackElo "2083"]

1. e4 c5 2. Nf3 d6 3. d4 cxd4 4. Nxd4 Nf6 5. Nc3 a6 6. Bg5 e6 7. f4 Qc7 8. Bxf6
gxf6 9. Qd2 b5 10. O-O-O Bb7 11. Bd3 Nd7 12. Kb1 h5 13. Rhf1 O-O-O 14. a3 Nc5
15. f5 e5 16. Nb3 Kb8 17. Nd5 Bxd5 18. exd5 Bh6 19. Qe1 Nxb3 20. cxb3 Rc8 21.
Qe2 Qb7 22. a4 Rc5 23. b4 Rxd5 24. Be4 Rxd1+ 25. Rxd1 Qb6 26. Qd3 Qd4 27. axb5
Be3 28. bxa6 Qxd3+ 29. Rxd3 Bd4 30. b5 Ka7 31. Bc6 h4 32. Kc2 Rh5 33. Rf3 Bg1
34. Bd5 Rg5 35. Rf1 Bc5 36. h3 Rg3 37. Bf3 Rg5 38. Be4 Rg3 39. Bf3 Rg5 40. Be4
Rg3 41. Re1 Kb6 42. Ra1 Ka7 43. Bf3 Rg5 44. Ra4 Rxf5 45. Rxh4 Kb6 46. Rh7 Kxb5
47. Be2+ Kc6 48. Rxf7 Rf2 49. Kd1 d5 50. a7 Bxa7 51. Rxa7 Rxg2 52. Ra6+ Kc5 53.
Ra5+ Kc6 54. Ra6+ Kc5 55. Rxf6 e4 56. Ra6 d4 57. Ra5+ Kd6 58. b4 d3 59. Bg4 Rb2
60. Kc1 Rc2+ 61. Kd1 e3 62. Ra3 e2+ 63. Bxe2 dxe2+ 64. Ke1 Rb2 65. Re3 Rxb4 66.
Kxe2 Rf4 67. Kd3 Kd5 68. Ke2 Re4 69. Kf3 Rxe3+ 70. Kxe3 Ke5 71. h4 Kf6 72. Kf4
1/2-1/2

[Event "Mistrzostwa Polski Juniorow do lat 18 - Dziewczeta"]
[Site "Szklarska Poreba"]
[Date "1899-12-30"]
[Round "7.3"]
[White "Karlyk, Maria"]
[Black "Malicka, Maria"]
[Result "0-1"]
[WhiteTitle "I"]
[BlackTitle "WCM"]
[WhiteElo "1603"]
[BlackElo "2237"]

1. e4 c5 2. Nf3 d6 3. d4 cxd4 4. Nxd4 Nf6 5. Nc3 a6 6. Nb3 Nc6 7. Bd3 g6 8. Bd2
Bg7 9. O-O O-O 10. h3 d5 11. Qc1 Ne5 12. f4 Nxd3 13. cxd3 dxe4 14. dxe4 Be6 15.
Nc5 Bc4 16. Rd1 Qc7 17. Be3 Rfd8 18. Qc2 Nd7 19. Nxd7 Rxd7 20. Rxd7 Qxd7 21. Rd1
Qc6 22. a3 Rc8 23. Bd4 Bf8 24. Qf2 Rd8 25. Kh1 b5 26. b4 Rd7 27. f5 Bg7 28. fxg6
hxg6 29. Bxg7 Rxd1+ 30. Nxd1 Kxg7 31. Qd4+ Qf6 32. e5 Qf1+ 33. Kh2 g5 34. Ne3
Qf2 35. Qe4 Be6 36. Ng4 Qd2 37. Qe3 Qxe3 38. Nxe3 f6 39. exf6+ Kxf6 40. Kg3 Ke5
41. Kf2 Kd4 42. Ke2 Kc3 43. Kd1 Kd3 44. Nf1 Bd5 0-1

[Event "Mistrzostwa Polski Juniorow do lat 18 - Dziewczeta"]
[Site "Szklarska Poreba"]
[Date "1899-12-30"]
[Round "7.4"]
[White "Kucharska, Honorata"]
[Black "Filipska, Maja"]
[Result "1-0"]
[WhiteTitle "WFM"]
[BlackTitle "I++"]
[WhiteElo "2143"]
[BlackElo "1800"]

1. e4 c6 2. Nf3 d5 3. Nc3 Bg4 4. h3 Bh5 5. exd5 cxd5 6. Bb5+ Nc6 7. d4 e6 8. g4
Bg6 9. Ne5 Qc7 10. Qe2 Kd8 11. Bxc6 bxc6 12. h4 f6 13. Nxg6 hxg6 14. Qxe6 Qe7
15. Qxe7+ Bxe7 16. Ke2 Nh6 17. f3 Rb8 18. Kd3 Bd6 19. b3 Nf7 20. Bd2 Kd7 21. Na4
Rbe8 22. c4 Bg3 23. Nc5+ Kd6 24. h5 gxh5 25. gxh5 Ne5+ 26. dxe5+ Bxe5 27. Rag1
Kxc5 28. b4+ Kd6 29. Rxg7 Re7 30. Rxe7 Kxe7 31. f4 Bc7 32. cxd5 cxd5 33. h6 Rh7
34. f5 Bb6 35. a4 Bf2 36. Bf4 Rh8 37. Rh2 Bb6 38. a5 Bd8 39. Kd4 Kd7 40. Kxd5
Be7 41. Rc2 Bd8 42. Rc6 Rh7 43. b5 Bxa5 44. Rxf6 Ke8 45. Re6+ Kf8 46. Bd6+ Kf7
47. Re7+ Kg8 48. Re8+ Kf7 49. Rf8# 1-0

[Event "Mistrzostwa Polski Juniorow do lat 18 - Dziewczeta"]
[Site "Szklarska Poreba"]
[Date "1899-12-30"]
[Round "7.5"]
[White "Skiba, Aleksandra"]
[Black "Czarniecka, Aleksandra"]
[Result "0-1"]
[WhiteTitle "k"]
[BlackTitle "k"]
[WhiteElo "1923"]
[BlackElo "2040"]

1. d4 Nf6 2. c4 g6 3. Nc3 Bg7 4. g3 O-O 5. Bg2 d6 6. Nf3 Nc6 7. O-O e5 8. d5 Nb8
9. e4 a5 10. h3 Na6 11. Be3 Qe8 12. Re1 Bd7 13. Qc2 Nc5 14. Rad1 b6 15. b3 Nh5
16. g4 Nf4 17. Bxf4 exf4 18. Ne2 Qxe4 19. Qxe4 Nxe4 20. Nfd4 Rfe8 21. Nb5 Bxb5
22. cxb5 g5 23. Bf3 a4 24. Nd4 Nc3 25. Rxe8+ Rxe8 26. Rd3 axb3 27. axb3 Bxd4 28.
Rxd4 Nxb5 29. Rc4 Ra8 30. Kg2 Kf8 31. Rb4 Ra5 32. Be4 Nc3 33. Bxh7 Nxd5 34. Rc4
c5 35. Be4 Nf6 36. Bc6 d5 37. Rc2 Ke7 38. h4 Kd6 39. hxg5 Ne4 40. Be8 Nxg5 41.
b4 Ra3 42. bxc5+ bxc5 43. Rb2 Ra6 44. Rb7 f6 45. Rd7+ Ke5 46. Rc7 c4 0-1

[Event "Mistrzostwa Polski Juniorow do lat 18 - Dziewczeta"]
[Site "Szklarska Poreba"]
[Date "1899-12-30"]
[Round "7.6"]
[White "Kalinowska, Zuzanna"]
[Black "Jarocka, Liwia"]
[Result "1/2-1/2"]
[WhiteTitle "WFM"]
[BlackTitle "FM"]
[WhiteElo "2089"]
[BlackElo "1919"]

1. d4 f5 2. g3 Nf6 3. Bg2 g6 4. Nf3 Bg7 5. O-O d6 6. c4 c6 7. Nc3 O-O 8. Re1 Ne4
9. Qc2 d5 10. cxd5 cxd5 11. Qb3 e6 12. Bf4 Nc6 13. e3 Nxc3 14. bxc3 Na5 15. Qb4
b6 16. h4 Ba6 17. Ne5 Rc8 18. Rec1 Bc4 19. f3 Bxe5 20. Bxe5 Nc6 21. Qd6 Nxe5 22.
Qxe5 Rc6 23. a4 Qb8 24. Qxb8 Rxb8 25. Kf2 a6 26. Rab1 b5 27. Ke1 Rcb6 28. a5 R6b7
29. Rb4 Rc7 30. Kd2 Kf7 31. f4 Rbc8 32. Bf3 1/2-1/2

[Event "Mistrzostwa Polski Juniorow do lat 18 - Dziewczeta"]
[Site "Szklarska Poreba"]
[Date "1899-12-30"]
[Round "7.7"]
[White "Orlik, Sandra"]
[Black "Vanduyfhuys, Daria"]
[Result "0-1"]
[WhiteTitle "I++"]
[BlackTitle "WCM"]
[WhiteElo "1678"]
[BlackElo "2023"]

1. d4 Nf6 2. Bf4 d5 3. Nf3 c5 4. e3 Nc6 5. c3 Qb6 6. Qc2 g6 7. Nbd2 Bf5 8. dxc5
Qxc5 9. Bd3 Bxd3 10. Qxd3 Bg7 11. O-O O-O 12. e4 e5 13. Be3 Qd6 14. exd5 Qxd5
15. Qxd5 Nxd5 16. Bc5 Rfd8 17. Nc4 b6 18. Ba3 a5 19. Nd6 Ndb4 20. Bxb4 axb4 21.
Nb5 e4 22. Ng5 Ra5 23. c4 Ne5 24. Nxe4 Nxc4 25. Rac1 Nxb2 26. Nc7 Be5 27. Rc6
Rd4 28. Nf6+ Bxf6 29. Rxf6 Rd7 30. Rc6 Rxa2 31. Ne8 Rd2 32. Rxb6 Nd3 33. Nf6+
Kg7 34. Ne4 Re2 35. Ng3 Rxf2 36. Rxf2 Rxf2 37. Rxb4 Rxg2+ 38. Kxg2 Nxb4 39. h4
Kf6 40. Kf3 Nd3 41. Ne4+ Kf5 42. Nd6+ Ke6 43. Ne4 f6 44. Ke3 Ne1 45. Kf4 Ng2+
46. Kg3 Ne3 47. Nc5+ Kf5 48. Nd7 Nc4 49. Nf8 Ne5 50. Nxh7 Nd7 51. Kf3 Ke6 52.
Kg4 Ne5+ 53. Kf4 Ke7 54. h5 gxh5 55. Kf5 Ng4 56. Kf4 Kf7 57. Ng5+ fxg5+ 58. Kxg5
Nf6 0-1